Statistics for Westernmost Capitals of the Americas

Click here to take the quiz!

General Stats

  • This quiz has been taken 35 times
  • The average score is 6 of 15

Answer Stats

longitudecapital% Correct
99 08'Mexico City
100%
90 32'Guatemala City
60%
89 11'San Salvador
57%
88 46'Belmopan
47%
84 05'San Jose
47%
86 15'Managua
43%
87 13'Tegucigalpa
43%
82 23'Havana
37%
79 31'Panama City
30%
77 02'Lima
27%
78 35'Quito
27%
77 20'Nassau
23%
75 41'Ottawa
23%
77 02'Washington
23%
76 48'Kingston
17%

Score Distribution

Percentile by Number Answered

Percent of People with Each Score

Your Score History

You have not taken this quiz